| 000 | 00460nam a22001577a 4500 | ||
|---|---|---|---|
| 008 | 230609b |||||||| |||| 00| 0 eng d | ||
| 020 | _a81-7319-689-3 | ||
| 040 |
_aNational Science Library _cNational Science Library |
||
| 080 |
_a62 _bP6 |
||
| 245 | _aCurrent trends in engineering practice | ||
| 260 |
_aNew Delhi: _bNarosa Publishing House, _c2006 |
||
| 300 | _axvi, 643p. | ||
| 650 | _aScience | ||
| 700 | _aRamakrishnan, C V (Ed.) | ||
| 942 |
_2udc _cBK |
||
| 999 |
_c41606 _d41606 |
||